| 000 | 00955nam a22002537a 4500 | ||
|---|---|---|---|
| 005 | 20120608162854.0 | ||
| 008 | 120608t xxu||||| |||| 00| 0 eng d | ||
| 010 | _aENG-105473 | ||
| 020 |
_a9780198077152 _c295.00 |
||
| 020 |
_a0198077157 _c295.00 |
||
| 035 | _aEN-89006 | ||
| 037 | _bDBAD/PUB | ||
| 040 |
_aDPL _bEng |
||
| 082 | _a155.4 | ||
| 100 |
_aKakar, Sudhir _948622 |
||
| 245 |
_aThe inner world : _cby Sudhir Kakar _ba psychoanalytic study of childhood and society in India / |
||
| 250 | _a4th ed | ||
| 260 |
_aNew Delhi _bOxford University Press _c2012 |
||
| 270 |
_aYMCA Library Building.1 Jai Singh Road, _bNew Delhi _e110001 |
||
| 300 |
_axx,272p. _c22cm(pbk) |
||
| 500 | _aIncludes bibliographical references and index | ||
| 942 |
_2ddc _cEN _mKAK _h155.4 |
||
| 999 |
_c68208 _d68208 |
||